Sustainability and residential property valuation (Record no. 112762)
[ view plain ]
| 000 -LEADER | |
|---|---|
| fixed length control field | 01259cad a22002655a 4500 |
| 001 - CONTROL NUMBER | |
| control field | L153912 |
| 008 - FIXED-LENGTH DATA ELEMENTS--GENERAL INFORMATION | |
| fixed length control field | 110920s2011 xxk f 000 0 eng d |
| 020 ## - INTERNATIONAL STANDARD BOOK NUMBER | |
| International Standard Book Number | 9781842197028 |
| 035 ## - SYSTEM CONTROL NUMBER | |
| System control number | (Sirsi) u153912 |
| 041 0# - LANGUAGE CODE | |
| Language code of text/sound track or separate title | eng |
| 110 2# - MAIN ENTRY--CORPORATE NAME | |
| Corporate name or jurisdiction name as entry element | Royal Institution of Chartered Surveyors |
| 9 (RLIN) | 4900 |
| 245 00 - TITLE STATEMENT | |
| Title | Sustainability and residential property valuation |
| Medium | [archived] |
| 260 ## - PUBLICATION, DISTRIBUTION, ETC. | |
| Place of publication, distribution, etc. | Coventry |
| Name of publisher, distributor, etc. | RICS |
| Date of publication, distribution, etc. | 2011 |
| 490 #0 - SERIES STATEMENT | |
| Series statement | RICS Information Paper |
| Volume/sequential designation | IP 22/2011 |
| 520 ## - SUMMARY, ETC. | |
| Summary, etc. | Out of date, archived 13/04/2015. |
| 520 ## - SUMMARY, ETC. | |
| Summary, etc. | Includes reference to the main UK legislative and regulatory provisions that impact, or are considered likely to impact, residential value, and points to areas of future legislation of other potential significance. It details environmental factors including energy, waste, water and flooding, together with social factors such as accessibility and health and wellbeing. |
| 590 ## - LOCAL NOTE (RLIN) | |
| Local note | KA NTK |
| 650 24 - SUBJECT ADDED ENTRY--TOPICAL TERM | |
| Topical term or geographic name entry element | RESIDENTIAL PROPERTY |
| 650 24 - SUBJECT ADDED ENTRY--TOPICAL TERM | |
| Topical term or geographic name entry element | RICS VALUATION STANDARDS |
| 650 24 - SUBJECT ADDED ENTRY--TOPICAL TERM | |
| Topical term or geographic name entry element | SUSTAINABILITY |
| 651 #4 - SUBJECT ADDED ENTRY--GEOGRAPHIC NAME | |
| Geographic name | United Kingdom |
| 690 ## - LOCAL SUBJECT ADDED ENTRY--TOPICAL TERM (OCLC, RLIN) | |
| Topical term or geographic name as entry element | Valuation |
| 9 (RLIN) | 6273 |
| 856 40 - ELECTRONIC LOCATION AND ACCESS | |
| Uniform Resource Identifier | <a href="https://www.isurv.com/downloads/download/1405/sustainability_and_residential_property_valuation_archived">https://www.isurv.com/downloads/download/1405/sustainability_and_residential_property_valuation_archived</a> |
| Public note | Archived on isurv (subscription required) |
| 942 ## - ADDED ENTRY ELEMENTS (KOHA) | |
| Suppress in OPAC | 0 |
| Source of classification or shelving scheme | Dewey Decimal Classification |
| Withdrawn status | Lost status | Source of classification or shelving scheme | Damaged status | Not for loan | Home library | Current library | Shelving location | Date acquired | Total Checkouts | Full call number | Barcode | Date last seen | Copy number | Price effective from | Koha item type |
|---|---|---|---|---|---|---|---|---|---|---|---|---|---|---|---|
| Missing from bundle | London | London | RICS Boxes | 31/10/2011 | RICS 2011/49 | 30079564 | 06/08/2019 | 1 | 06/08/2019 | Book | |||||
| Missing from bundle | London | London | RICS Boxes | 31/10/2011 | RICS 2011/49 | 30079568 | 06/08/2019 | 2 | 06/08/2019 | Book | |||||
| Missing from bundle | London | London | RICS Boxes | 31/10/2011 | RICS 2011/49 | 30079556 | 06/08/2019 | 1 | 06/08/2019 | Archive | |||||
| Dewey Decimal Classification | Virtual | Virtual | Online | 20/09/2011 | isurv | 153912-2001 | 24/07/2023 | 1 | 06/08/2019 | Online material |